Southville International School and Colleges
Your cart is empty.
  • Cart
  • Lists
    Public lists Eva Luna New books Lux_list list_1
    Your lists Log in to create your own lists
  • Log in to your account
  • Your cookies
  • Search history
Southville International School and Colleges
  • Advanced search
  • Recent comments
  • Most popular
  • Libraries

Log in to your account

Log in with GOOGLE


If you do not have an external account, but do have a local account, you can still log in:

  1. Home
  2. MARC view: Think and grow rich! /
Normal view MARC view ISBD view

Think and grow rich! / (Record no. 109850)

[ view plain ]
MARC details
000 -LEADER
fixed length control field 00449nam a2200169 a 4500
001 - CONTROL NUMBER
control field 2599
005 - DATE AND TIME OF LATEST TRANSACTION
control field 20140414131844.0
008 - FIXED-LENGTH DATA ELEMENTS--GENERAL INFORMATION
fixed length control field 050607s19uu xx 00 eng d
020 ## - INTERNATIONAL STANDARD BOOK NUMBER
International Standard Book Number 971-08-5074-1
050 ## - LIBRARY OF CONGRESS CALL NUMBER
Classification number M 158.1
Item number H54 1937
100 ## - MAIN ENTRY--PERSONAL NAME
Personal name Hill, Napoleon
245 ## - TITLE STATEMENT
Title Think and grow rich! /
Statement of responsibility, etc Napoleon Hill.
260 ## - PUBLICATION, DISTRIBUTION, ETC. (IMPRINT)
Place of publication, distribution, etc New York :
Name of publisher, distributor, etc Hawthorn Books,
Date of publication, distribution, etc [n.d.]
300 ## - PHYSICAL DESCRIPTION
Extent 1 v. p. : ill. ; cm.
650 ## - SUBJECT ADDED ENTRY--TOPICAL TERM
Topical term or geographic name as entry element Inspirational.
Holdings
Withdrawn status Lost status Damaged status Use restrictions Home library Current library Shelving location Date acquired Source of acquisition Total Checkouts Full call number Barcode Date last seen Price effective from Koha item type
        Munich Library Munich Library Main Section 06/07/2005     M 158.1 H54 1937 M0018 04/14/2014 04/14/2014 Books

Think and grow rich! /

APA

Hill N., .Think and grow rich!. New York: Hawthorn Books.

Chicago

Hill Napoleon, .Think and grow rich!. New York: Hawthorn Books.

Harvard

Hill N., .Think and grow rich!. New York: Hawthorn Books.

MLA

Hill Napoleon, .New York: Hawthorn Books. .

  • Place hold
  • Print
  • Cite
  • Add to your cart (remove)
  • Save record
    BIBTEX Dublin Core MARCXML MARC (non-Unicode/MARC-8) MARC (Unicode/UTF-8) MARC (Unicode/UTF-8, Standard) MODS (XML) RIS
  • More searches
    Search for this title in:
    Other Libraries (WorldCat) Other Databases (Google Scholar) Online Stores (Bookfinder.com) Open Library (openlibrary.org)

Exporting to Dublin Core...

SOUTHVILLE LIBRARY

Southville International School and Colleges Library

1281 Tropical Ave. Cor. Luxembourg St., BF Homes International, Las Pinas City

Tel. No. 8256374 / 252358 Loc. 117/146

Powered by Koha